00704nam a22001937a 450000500170000001000150001702000270003203500140005903700130007308200140008610000180010024500770011826000500019527000700024530000200031594200280033599900190036395201280038220170630154705.0 aENG-118710 a9789380318875c1295.00 aEN-102242 bDBAD/PUB a627.80954 aRaina, Puneet aWater war in South Asia :cPuneet RainabBrahmaputra dam and diversion / aDelhibNeha Publishers and Distributorsc2016 a4832/24, Prahlad Lane, S-207 Ansari Road, Daryaganj, Delhi-110002 a320pc22cm.(Hb) 2ddccENh627.80954mRAI c141197d141197 001040718NFICaDBADbBNd2017-06-16eDBAD/PUBg1295.00l0o627.80954 RAIpEN-102242r2017-06-16 00:00:00t1v1295.00yEN